<?xml version="1.0" encoding="UTF-8"?><?xml-stylesheet type="text/xsl" href="static/style.xsl"?><OAI-PMH xmlns="http://www.openarchives.org/OAI/2.0/" xmlns:xsi="http://www.w3.org/2001/XMLSchema-instance" xsi:schemaLocation="http://www.openarchives.org/OAI/2.0/ http://www.openarchives.org/OAI/2.0/OAI-PMH.xsd"><responseDate>2026-04-17T03:33:52Z</responseDate><request verb="GetRecord" identifier="oai:www.recercat.cat:2072/423785" metadataPrefix="marc">https://recercat.cat/oai/request</request><GetRecord><record><header><identifier>oai:recercat.cat:2072/423785</identifier><datestamp>2025-02-24T19:56:39Z</datestamp><setSpec>com_2072_98</setSpec><setSpec>col_2072_378197</setSpec></header><metadata><record xmlns="http://www.loc.gov/MARC21/slim" xmlns:dcterms="http://purl.org/dc/terms/" xmlns:xsi="http://www.w3.org/2001/XMLSchema-instance" xmlns:doc="http://www.lyncode.com/xoai" xsi:schemaLocation="http://www.loc.gov/MARC21/slim http://www.loc.gov/standards/marcxml/schema/MARC21slim.xsd">
   <leader>00925njm 22002777a 4500</leader>
   <datafield ind2=" " ind1=" " tag="042">
      <subfield code="a">dc</subfield>
   </datafield>
   <datafield ind2=" " ind1=" " tag="720">
      <subfield code="a">Garrabou, Ramon,</subfield>
      <subfield code="e">author</subfield>
   </datafield>
   <datafield ind2=" " ind1=" " tag="720">
      <subfield code="a">Planas i Maresma, Jordi,</subfield>
      <subfield code="e">author</subfield>
   </datafield>
   <datafield ind2=" " ind1=" " tag="720">
      <subfield code="a">Saguer i Hom, Enric</subfield>
      <subfield code="e">author</subfield>
   </datafield>
   <datafield ind2=" " ind1=" " tag="720">
      <subfield code="a">Vicedo i Rius, Enric</subfield>
      <subfield code="e">author</subfield>
   </datafield>
   <datafield ind2=" " ind1=" " tag="260">
      <subfield code="c">2011</subfield>
   </datafield>
   <datafield ind2=" " ind1=" " tag="520">
      <subfield code="a">El análisis de la distribución de la propiedad de la tierra -y de las consecuencias sociales de ésta- entraña dificultades heurísticas y metodológicas importantes que suelen limitar la posibilidad de establecer comparaciones territoriales suficientemente sólidas y sistemáticas. Dicho análisis es difícilmente asumible a partir de aquellas estadísticas fiscales y catastrales que presentan los datos agregados y, por ello, ofrecen mayor cobertura territorial. Un acercamiento más realista y con mayor potencial sólo es posible combinando prospecciones locales en distintos ámbitos territoriales, en los cuales sea posible la identificación nominal tanto de los habitantes como de los propietarios de tierra usando simultáneamente padrones de población y relaciones catastrales. La presente comunicación pretende desarrollar un enfoque metodológico basado en el análisis de casos locales con el objetivo de analizar comparativamente el nivel de desigualdad social existente en la sociedad rural catalana de mediados del siglo XIX.</subfield>
   </datafield>
   <datafield tag="653" ind2=" " ind1=" ">
      <subfield code="a">Tinença de la terra Història S. XIX Catalunya</subfield>
   </datafield>
   <datafield ind2="0" ind1="0" tag="245">
      <subfield code="a">Acceso a la propiedad y desigualdad social en el mundo rural catalán de mediados del siglo XIX</subfield>
   </datafield>
</record></metadata></record></GetRecord></OAI-PMH>